000
00333nam a2200157Ia 4500
100
_a
Buyya/Rajkumar
650
_a
Cloud computing
942
_c
BK
366
_f
20
654
_a
cloud computing
245
_a
Mastering Cloud computing
260
_b
McGraw Hill
_c
2013
082
_a
5.65
_b
BUY
546
_a
ENGLISH
999
_c
28677
_d
28677